Fodor Kata művészete

Bibliographic Details
Main Author: Kiss-Szemán, Zsófia, 1964- (Author)
Format: Article
Language:Hungarian
Slovak
PhysicalDescription:Fotogr., obr.
Subjects:

MARC

LEADER 00000nab a2200000 a 4500
001 vtls000781659
003 SK-MaSNL
005 20260318132707.0
008 040806c2001 xo 0 hun
015 |a SNBRB2002/01-02725 
035 |a CLN000133387 
040 |a SNKBUCL  |b slo  |c SNKBUCL  |e AACR2 
041 0 |a slo 
044 |a xo  |c SK 
080 |a 75.071.1  |2 UDC-MRF-SK2 
080 |a 929 Fodor, Kata  |2 UDC-MRF-SK2 
100 1 |a Kiss-Szemán, Zsófia,  |d 1964-  |4 aut  |9 213176 
245 1 0 |a Fodor Kata művészete  |c Kiss Szemán Zsófia 
300 |b Fotogr., obr. 
600 1 7 |a Fodorová, Katarína,  |d 1959-2009  |2 snkbucl 
655 7 |a profily  |2 snkbucl  |9 341977 
773 0 |t Atelier  |g Roč. 4, č. 3 (2001), s. 22-24 
850 |a Slovenská národná knižnica v Martine 
852 |a SNK  |b KIS3GCP 
958 |a HU 
958 |a BX 
999 |c 2143421  |d 2145351